| 000 | 01958nam a2200313 i 4500 | ||
|---|---|---|---|
| 001 | 197900 | ||
| 003 | ES-MaACL | ||
| 005 | 20251103145142.0 | ||
| 008 | 250611e1949 sp a|||| |||| 001 1 spa d | ||
| 040 |
_aES-MaACL _bspa _cES-MaACL _erda |
||
| 080 | _a821.134.2-34"19" | ||
| 100 | 1 |
_9114818 _aVilariño, Remigio, _d1865-1939 _eaut |
|
| 245 | 1 | 0 |
_aVerdades en cuentos : _b(segunda serie) / _ccuentos antiguos del P. Remigio Vilariño, S.I., ordenados y editados por MAR |
| 264 | 1 |
_aBilbao : _bEl Mensajero del Corazón de Jesús, _c1949 |
|
| 300 |
_a64 páginas : _bilustraciones ; _c17 cm. |
||
| 336 |
_2rdacontent _atexto |
||
| 337 |
_2rdamedia _asin mediación |
||
| 338 |
_2rdacarrier _avolumen |
||
| 490 | 0 |
_aDe broma y de veras ; _vnúmero 437 |
|
| 500 | _aÍndice | ||
| 505 | 0 | _aNo seas precipitado ; Caídas que se ven ; ¿Por qué no toleras en otros lo que toleras en ti? ; El mejor discurso parlamentario ; El arte de ponerse las botas ; El artículo 421 ; Por qué hay tantos hombres brutos ; ¡Qué bueno es tener a quien echar la culpa! ; Los encubridores ; El capitán rompe y rasga ; Cuidado con los contagios ; Dios existe ; La bandera roja ; Los que se las echan de valientes ; Yo no miento ; De aquí no pasarás ; Los que roncan y echan broncas ; Por lo que veo llega... ; ¡Si no sabes con quien hablas, ten cuidado en tus palabras! ; ¡Cuidado con falsificar! ; La educación ; El alcalde de Tripetea ; La tea amenazante ; La tortilla del incrédulo ; El cencerro de la conciencia ; Sí, pero no estoy satisfecho ; Ramón El Bravo ; Temores tontos ; Con la medida con que midas serás medido | |
| 655 | 4 |
_9226829 _aCuentos |
|
| 852 |
_aES-MaACL _cDEPO1 _jA-15601(1) _hDonación: José Lázaro García _xHolandesa _9206865 |
||
| 903 |
_9234219 _aLázaro García, José _ednr |
||
| 942 |
_n0 _cMONOGRAFIA |
||
| 999 |
_c197900 _d197900 |
||